Pengurusan strategi

Bibliographic Details
Main Author: ZAINAL Abidin Mohamed
Format: Book
Published: Kuala Lumpur : Utusan Pub. & Dist. , 1994
Series:Siri pengurusan dan pentadbiran Utusan
Subjects:

MARC

LEADER 00000cam a2200000 7i4500
001 0000000843
005 20001016.0
020 0 0 |a 9676104345 
090 0 0 |a 658   |b ZAI 1994 
100 0 0 |a ZAINAL Abidin Mohamed 
245 1 0 |a Pengurusan strategi   |c Zainal Abidin Mohamed 
260 0 0 |a Kuala Lumpur :   |b Utusan Pub. & Dist. ,   |c 1994 
300 |a x, 245 p. ;   |c 22 cm. 
440 0 0 |a Siri pengurusan dan pentadbiran Utusan 
500 0 0 |a Bibliography: [p. 239-244] 
650 0 0 |a Management 
999 |a 0000001843   |b Monograph   |c Open Shelf   |e Default branch